Statistiques concernant La réponse est un fruit

Cliquez ici pour prendre le quiz!

Statistiques générales

  • Ce quiz a été pris 625 fois
  • Le résultat moyen est 15 sur 20

Statistiques - réponses

IndiceRéponse% Correct
"Petite bosse" à l'avant du cou chez les hommesLa {pomme} d'adam
100%
Expression signifiant "Élément final qui parachève le tout"{Cerise} sur le gâteau
94%
Quand on fait un compromisCoupe la {poire} en deux
90%
Expression pour définir quelqu'un qui a la grosse têteAvoir le {melon}
89%
Opéra de TchaïkovskyCasse-{noisette}
88%
Quelqu'un qui est très gênéRouge comme une {tomate}
84%
Série diffusé sur Netflix{Orange} is a new black
83%
Quand on est contentAvoir la {banane}
82%
Prénom féminin, aussi le nom d'un agrume{Clémentine}
81%
Oiseaux incapables de voler de Nouvelle-Zélande{Kiwi}
76%
Désigne familièrement une contravention.Une {prune}
74%
Marque française de vêtementsLe temps des {cerises}
73%
Défendre une opinion contraire à celle de la majoritéSe faire l'{avocat} du diable
73%
Avoir une peau douce et veloutéeUn teint de {pêche}
72%
Série sortie en 1961.Chapeau {melon} et bottes de cuir
71%
Film de Stanley Kubrick{Orange} mécanique
68%
Chanson de Clara LucianiLa {grenade}
57%
Roman de SteinbeckLes {raisins} de la colère
51%
Ville du sud de la France, près de Marseille.{Cassis}
43%
Chanson de Calogéro{Pomme} C
28%

Distribution des résultats

Percentile par nombre de réponses

% des personnes avec chaque résultat

Votre développement - résultats

Vous n’avez pas pris ce quiz